| 000 | 00477nam a2200181Ia 4500 | ||
|---|---|---|---|
| 008 | 221030s9999 xx 000 0 und d | ||
| 020 | _a812241379X | ||
| 041 | _aEnglish | ||
| 082 |
_a105.23 _bBaj |
||
| 100 | _aS. K. Bajpai | ||
| 245 | 0 |
_aIntroduction to Computers & C Programming _cby S. K. Bajpai, D. S. Yadav |
|
| 250 | _a3rd | ||
| 260 |
_bNew Age International Pub. _aNew Delhi _c2002 |
||
| 300 | _a391 | ||
| 650 | _aBE Computer | ||
| 700 | _aD. S. Yadav | ||
| 942 | _cBK | ||
| 999 |
_c2035 _d2035 |
||